Héros du Football en France - Statistiques

Statistiques générales
  • Ce quiz a été pris 104 fois
  • Le résultat moyen est 9 sur 15
Statistiques - réponses
Hint Réponse % Correct
Qui est le meilleur buteur de l'histoire de l'équipe de France de football ? Olivier Giroud
95%
En quelle année la France a-t-elle accueilli et remporté la Coupe du Monde de la FIFA pour la première fois ? 1998
92%
Quel est le surnom de l'équipe nationale de football de la France ? Les Bleus
91%
Quel est le nom du stade national de football de France ? Stade de France
91%
Quel joueur français a remporté le Ballon d'Or en 2022 ? Karim Benzema
88%
Qui a été le capitaine de l'équipe de France lors de sa victoire à la Coupe du Monde de la FIFA en 1998 ? Didier Deschamps
80%
Quel club français a remporté le plus de titres de Ligue 1 ? Paris Saint-Germain
80%
Le meilleurs passeurs de l'équipe de France ? Antoine Griezmann
78%
Quel club français a remporté le plus de Ligue des Champions de l'UEFA ? Olympique de Marseille
76%
Qui était l'entraîneur de l'équipe de France lorsqu'elle a remporté la Coupe du Monde de la FIFA en 1998 ? Aimé Jacquet
66%
Joueur ayant fait une passe décisive sur le plus de matchs consécutifs ? Kylian Mbappé
31%
Quel joueur français est surnommé "Le Roi" ? Eric Cantona
27%
Qui était le sélectionneur de l'équipe de France lorsqu'elle a remporté la Coupe d'Europe des Nations en 2000 ? Roger Lemerre
25%
Le remplaçant le plus prolifique avec les Bleus ? Youri Djorkaeff
8%
Quel joueur a marqué le premier but de l'histoire de l'équipe de France de football lors d'un match international ? Lucien Laurent
4%
Aucun quiz correspondant
Distribution des résultats
% des personnes avec chaque résultat
Percentile par nombre de réponses
Votre historique - résultats
Vous n’avez pas pris ce quiz